| 000 | 01111nas a2200265 454500 | ||
|---|---|---|---|
| 001 | 28358 | ||
| 005 | 20260407193507.0 | ||
| 008 | 260407s2007####ag###########|||spa#d | ||
| 003 | AR-UNSa-BCEJYS | ||
| 040 |
_aAR-UNSa-BCEJYS _bspa _cAR-UNSa-BCEJYS |
||
| 080 |
_a327 _xRelaciones internacionales. Política internacional. Asuntos internacionales. Política exterior |
||
| 245 | 1 | 0 | _aRes Diplomática (RD) |
| 022 | _a1667-2879 | ||
| 264 | 1 |
_aBuenos Aires : _bInstituto del Servicio Exterior de la Nación _c2007 |
|
| 310 | _aFrecuencia: Irregular En el año 2007 comienza la Segunda Epoca | ||
| 942 | _cSER | ||
| 590 | _aniveau_biblio:s niveau_hierar:1 | ||
| 100 | 1 | _aArgentina. Ministerio de Relaciones Exteriores, Comercio Internacional y Culto. Instituto del Servicio Exterior de la Nación (ISEN) | |
| 700 | 1 | _aSemán, Ernesto | |
| 650 | _aDiplomacia | ||
| 650 | _aPolítica exterior | ||
| 650 | _aRelaciones internacionales | ||
| 650 | _aGlobalización | ||
| 856 | 4 | 1 |
_uhttps://biblioeco.unsa.edu.ar/pmb/images/revistas/Derechos Humanos y un nuevo orden global-r13727.jpg _yImagen de portada _qimage/jpeg |
| 999 |
_c8647 _d8647 |
||